Tous les cantons de Seine-Saint-Denis sur une carte - Statistiques

Statistiques générales
  • Ce quiz a été pris 82 fois
  • Le résultat moyen est 16 sur 21
Réponses sur la Carte
Les réponses sont colorées sur une échelle allant du rouge au vert en fonction du pourcentage des utilisateurs qui les ont devinées à leur premier essai. Vous pouvez retrouver ces pourcentages ci-dessous.
 
Statistiques - réponses
Canton % Correct
Saint-Denis-1
100%
Saint-Denis-2
100%
Montreuil-1
89%
Montreuil-2
89%
Aubervilliers
87%
Bobigny
81%
Sevran
81%
Drancy
80%
Aulnay-sous-Bois
78%
Bondy
78%
La Courneuve
78%
Tremblay-en-France
78%
Noisy-le-Grand
76%
Pantin
76%
Bagnolet
74%
Le Blanc-Mesnil
74%
Saint-Ouen-sur-Seine
74%
Épinay-sur-Seine
67%
Gagny
56%
Livry-Gargan
56%
Villemomble
50%
Aucun quiz correspondant
Distribution des résultats
% des personnes avec chaque résultat
Percentile par nombre de réponses
Votre historique - résultats
Vous n’avez pas pris ce quiz